00466pab a2200157 454500008004000000100002000040245013300060260000900193300001300202362001200215650001300227650002700240650001000267700001800277773001300295180718b2010 xxu||||| |||| 00| 0 eng d aKamra, pawan K. aUrban infrastructure - road transportation problems and issues: a case study of municipal council, S.A.S. Nagar, Mohali (Punjab) c2010 ap.51-67. aApr-Jun aNagarlok aRoads - India - Punjab aRoads aMishra, Purva aNagarlok